MODUL PENDIDIKAN SENI PMR (UNSUR-UNSUR SENI, PRINSIP REKAAN, DAN STRUKTUR REKAAN) (Record no. 60693)

000 -LEADER
fixed length control field 00497nam a22001817a 4500
003 - CONTROL NUMBER IDENTIFIER
control field MPLRDC
005 - DATE AND TIME OF LATEST TRANSACTION
control field 20220104180011.0
008 - FIXED-LENGTH DATA ELEMENTS--GENERAL INFORMATION
fixed length control field 210129b ||||| |||| 00| 0 eng d
020 ## - INTERNATIONAL STANDARD BOOK NUMBER
International Standard Book Number 983-878-124-X
082 ## - DEWEY DECIMAL CLASSIFICATION NUMBER
Classification number 524.9397 CHEE 1992
100 ## - MAIN ENTRY--PERSONAL NAME
Personal name KATHLEEN CHEE
245 ## - TITLE STATEMENT
Title MODUL PENDIDIKAN SENI PMR (UNSUR-UNSUR SENI, PRINSIP REKAAN, DAN STRUKTUR REKAAN)
Statement of responsibility, etc.
250 ## - EDITION STATEMENT
Edition statement 再版
260 ## - PUBLICATION, DISTRIBUTION, ETC.
Place of publication, distribution, etc.
Name of publisher, distributor, etc. PENERBITAN PELANGI S/B
Date of publication, distribution, etc. 1992
300 ## - PHYSICAL DESCRIPTION
Other physical details
650 ## - SUBJECT ADDED ENTRY--TOPICAL TERM
Topical term or geographic name entry element
942 ## - ADDED ENTRY ELEMENTS (KOHA)
Koha item type Book
-- 524.9397 CHEE 1992
Holdings
Withdrawn status Lost status Source of classification or shelving scheme Damaged status Not for loan Collection code Home library Current library Shelving location Date acquired Cost, normal purchase price Total Checkouts Full call number Barcode Date last seen Date last checked out Price effective from Koha item type Public note
            Malaysian Public Library, Research and Development Centre Malaysian Public Library, Research and Development Centre   10/12/2007 0.00   524.9397 CHEE 1992 M0001021 18/03/2021 23/02/2008 18/03/2021 Book mplrdc

© 2022. Malaysian Public Library, Research and Development Centre. All Right ReservedE-mailmplrdc@help.edu.my 

Powered by Koha